| 000 | 01140cam a22001934a 4500 | ||
|---|---|---|---|
| 005 | 20250605164034.0 | ||
| 008 | 250528s ||||||||||||||||||||||||d | ||
| 035 | _a16757 | ||
| 020 | _a80169546 | ||
| 040 |
_aGR-AtMCL _bgre _dGR-AtMCL _eAACR2 |
||
| 245 | 1 | _aWestminster Workshop / A student's guide to the British Constitution | |
| 260 |
_bPergamon Press, _c1972 |
||
| 300 | _a222 | ||
| 520 | _aForeword and Acknowledgements, Preface, The Constitution of a Country, Basic Principles of the British Constitution, Elections and Parties, Party and Parliament and Government, Functions of Parliament, Parliamentary Control of Finance, Parliament at Work, More about the House of Commons, The House of Lords, The Monarchy, Government Departments, The Civil Service, The Nationalized Industries, Delegated Legislation: Administrative Tribunals: The Ombudsman, The Law Courts in England, Local Government in England and Wales, Local Government Problems, The Commonwealth and the Dependencies, Examination Questions and Answers, Examination Techniques. | ||
| 700 | 1 |
_aMosley R. K _92848 |
|
| 942 | _cBK | ||
| 999 |
_c2226 _d2226 |
||